[Event "Asian Cup"]
[Site "SchemingMind.com"]
[Date "2010.01.12"]
[Round "-"]
[White "MrPerry"]
[Black "pmsd"]
[Result "1-0"]
[WhiteCountry "USA"]
[BlackCountry "VEN"]
[WhiteElo "1873"]
[WhiteRD "89"]
[BlackElo "1490"]
[BlackRD "139"]
[GameID "234571"]

1. b3 e5 2. Bb2 Nc6 3. e3 Nf6 4. Nf3 d6 5. d4 e4 6. Nfd2 d5 7. c4 Be6 8. cxd5 Bxd5 9. Nc3 Bb4 10. Nxd5 Nxd5
11. Qc2 Nf6 12. Bb5 Qd5 13. Bxc6+ bxc6 14. O-O O-O 15. Nc4 Nd7 16. Rac1 c5 17. Rfd1 cxd4 18. Rxd4 Qf5 19. Qxe4 Qxe4 20. Rxe4 Nf6
21. Bxf6 gxf6 22. a3 Bc5 23. b4 Bb6 24. Kf1 Rfe8 25. Rxe8+ Rxe8 26. Ke2 Rd8 27. Nxb6 cxb6 28. Rc7 a5 29. Rc6 axb4 30. axb4 b5
31. Rxf6 Kg7 32. Rf5 Rb8 33. Rc5 Rb6 34. f4 Kf6 35. e4 Kg6 36. Kd3
1-0

[Event "Asian Cup"]
[Site "SchemingMind.com"]
[Date "2010.01.10"]
[Round "-"]
[White "pmsd"]
[Black "MrPerry"]
[Result "0-1"]
[WhiteCountry "VEN"]
[BlackCountry "USA"]
[WhiteElo "1490"]
[WhiteRD "139"]
[BlackElo "1873"]
[BlackRD "89"]
[GameID "234578"]

1. d4 b6 2. c4 Bb7 3. Nc3 e6 4. Nf3 f5 5. Bf4 Nf6 6. Nb5 Bb4+ 7. Nd2 d6 8. Qa4 Bxd2+ 9. Bxd2 O-O 10. Nc3 Ne4
11. Nxe4 fxe4 12. e3 Qh4 13. O-O-O Qxf2 14. g4 Qf3 15. Rg1 Qf7 16. Bg2 Qd7 17. Qc2 d5 18. g5 Ba6 19. cxd5 exd5 20. h4 Rf2
21. Qc3 Qc6 22. Qxc6 Nxc6 23. Bh3 Bc8 24. Bf1 Be6 25. Be1 Rf3 26. Kd2 Raf8 27. Bg2 R3f7 28. a3 Na5 29. Bg3 Nc4+ 30. Kc3 Nxe3
31. Bh1 Nxd1+
0-1

[Event "Asian Cup"]
[Site "SchemingMind.com"]
[Date "2010.01.20"]
[Round "-"]
[White "talobsessed"]
[Black "ejay"]
[Result "1-0"]
[WhiteCountry "SWE"]
[BlackCountry "SCO"]
[WhiteElo "2268"]
[WhiteRD "84"]
[BlackElo "1836"]
[BlackRD "126"]
[GameID "235098"]

1. e4 e6 2. d3 d5 3. Nd2 Nf6 4. g3 h5 5. Ngf3 Nbd7 6. Bg2 c6 7. O-O b6 8. Re1 Bb7 9. exd5 cxd5 10. Nb3 Be7
11. Nbd4 O-O 12. Bf4 Nh7 13. Nb5 Ndf6 14. Qe2 a6 15. Nc7 Rc8 16. Nxe6 fxe6 17. Qxe6+ Kh8 18. Qxe7 Bc6 19. Nh4 Re8 20. Qf7 Nf8
21. Nf5 Qd7 22. Ne7 Ra8 23. Bh6
1-0

[Event "Asian Cup"]
[Site "SchemingMind.com"]
[Date "2010.01.20"]
[Round "-"]
[White "ejay"]
[Black "talobsessed"]
[Result "0-1"]
[WhiteCountry "SCO"]
[BlackCountry "SWE"]
[WhiteElo "1836"]
[WhiteRD "126"]
[BlackElo "2268"]
[BlackRD "84"]
[GameID "235104"]

1. e4 e5 2. Bc4 Nf6 3. d3 c6 4. h3 d5 5. exd5 cxd5 6. Bb3 Bb4+ 7. c3 Ba5 8. Nf3 Nc6 9. O-O O-O 10. Na3 h6
11. d4 e4 12. Ne5 Bc7 13. Bf4 Re8 14. Nxc6 bxc6 15. Bxc7 Qxc7 16. Nc2 a5 17. Ne3 Ba6 18. Re1 Reb8 19. c4 dxc4 20. Bxc4 Rxb2
21. Qc1 Rb4 22. Bxa6 Rxa6 23. Nf5 Rab6
0-1

[Event "Asian Cup"]
[Site "SchemingMind.com"]
[Date "2010.02.08"]
[Round "-"]
[White "chesshub"]
[Black "Manuel Angel"]
[Result "1-0"]
[WhiteCountry "FRA"]
[BlackCountry "ESP"]
[WhiteElo "2457"]
[WhiteRD "71"]
[BlackElo "2261"]
[BlackRD "78"]
[GameID "237218"]

1. e4 e5 2. Nf3 Nc6 3. Bb5 a6 4. Ba4 Nf6 5. O-O Be7 6. Re1 b5 7. Bb3 O-O 8. c3 d5 9. exd5 Nxd5 10. Nxe5 Nxe5
11. Rxe5 Bb7 12. d4 Bf6 13. Re1 Re8 14. Nd2 Nf4 15. Nf3 Bxf3 16. gxf3 Qd6 17. Kh1 Bh4 18. Be3 Rab8 19. Qd2 Nh3 20. Kg2 Qd7
21. Bc2 h6 22. a4 Bg5 23. axb5 axb5 24. Kg3 b4 25. f4 b3 26. Bd3 Be7 27. Ra5 c5 28. dxc5 Qc8 29. c6 Qc7 30. Rd5 Ng5
31. Rd7 Qxc6 32. fxg5 Bxg5 33. f4 Bd8 34. Rd6 Qb7 35. Bc4 Qe7 36. Qd5 Qh4+ 37. Kg2
1-0

[Event "Asian Cup"]
[Site "SchemingMind.com"]
[Date "2010.02.08"]
[Round "-"]
[White "Manuel Angel"]
[Black "chesshub"]
[Result "0-1"]
[WhiteCountry "ESP"]
[BlackCountry "FRA"]
[WhiteElo "2246"]
[WhiteRD "77"]
[BlackElo "2469"]
[BlackRD "72"]
[GameID "237224"]

1. d4 Nf6 2. c4 e6 3. Nf3 b6 4. Nc3 Bb7 5. Bf4 Bb4 6. e3 Ne4 7. Rc1 g5 8. Bg3 h5 9. d5 Nxc3 10. bxc3 Ba3
11. Qd4 Rg8 12. Rd1 h4 13. Be5 d6 14. dxe6 fxe6 15. Bf6 Nc6 16. Bxd8 Nxd4 17. Nxd4 Kxd8 18. Nxe6+ Kd7 19. Nd4 Rae8 20. h3 Re7
21. Bd3 Bxg2 22. Bf5+ Ke8 23. Rg1 Bb7
0-1

[Event "Asian Cup"]
[Site "SchemingMind.com"]
[Date "2010.03.06"]
[Round "-"]
[White "Clive Everill"]
[Black "Quirine"]
[Result "0-1"]
[WhiteCountry "CZE"]
[BlackCountry "NED"]
[WhiteElo "1664"]
[WhiteRD "50"]
[BlackElo "2020"]
[BlackRD "90"]
[GameID "240461"]

1. e4 e6 2. Qe2 c5 3. Nf3 Nc6 4. c3 d6 5. g3 Nf6 6. Bg2 Be7 7. O-O Bd7 8. d4 O-O 9. Na3 cxd4 10. cxd4 d5
11. e5 Ne4 12. Be3 Bxa3 13. bxa3 Qa5 14. Qd3 Rac8 15. Rfc1 Qa4 16. Nd2 Nxd2 17. Bxd2 Na5 18. Rc5 b6 19. Rxc8 Rxc8 20. Bxa5 Qxa5
21. Qb3 Rc3 22. Qb4 Qxa3 23. Qxa3 Rxa3 24. f4 Bb5 25. Bf1 Bxf1 26. Rxf1 Rc3 27. f5 exf5 28. Rxf5 g6 29. Rf6 Rc4 30. e6 fxe6
31. Rxe6 Rxd4 32. Re7 Ra4 33. Rd7 Rxa2 34. Rxd5 a6 35. Rd6 b5 36. Rb6 Ra4 37. Rb8+ Kg7 38. Rb7+ Kh6 39. Kg2 b4 40. h4 a5
41. g4 g5 42. Rb6+ Kg7 43. Rb7+ Kf6 44. h5 Ra3 45. Rxh7 b3 46. Rh6+ Ke5 47. Rb6 Ra2+ 48. Kf3 a4 49. Rb5+ Kd6 50. Rxg5 b2
51. Rg6+ Kc5 52. Rg5+ Kc4 53. Rg8 b1=Q 54. Rc8+ Kd5 55. Rd8+ Ke6 56. Re8+ Kf7 57. Re3 Qf1+ 58. Ke4 Qg2+ 59. Ke5 Qxg4
0-1

[Event "Asian Cup"]
[Site "SchemingMind.com"]
[Date "2010.03.06"]
[Round "-"]
[White "Quirine"]
[Black "Clive Everill"]
[Result "1-0"]
[WhiteCountry "NED"]
[BlackCountry "CZE"]
[WhiteElo "2020"]
[WhiteRD "90"]
[BlackElo "1664"]
[BlackRD "50"]
[GameID "240468"]

1. d4 Nf6 2. Nf3 c5 3. d5 g6 4. c4 Bg7 5. Nc3 e6 6. e4 O-O 7. Bd3 Re8 8. O-O exd5 9. cxd5 d6 10. h3 a6
11. a4 Nbd7 12. Re1 Nh5 13. Bg5 f6 14. Bd2 Bh8 15. g4 Ng7 16. Nh2 Ne5 17. Be2 Bd7 18. f4 Nf7 19. Bd3 f5 20. exf5 Rxe1+
21. Qxe1 gxf5 22. g5 Qb6 23. Rb1 Re8 24. Qf2 Nh5 25. Kh1 Bd4 26. Qf3 Ng7 27. h4 Qb3 28. h5 Bxa4 29. h6 c4 30. Bf1 Bxc3
31. Bxc3 Qc2 32. Ra1 Ne6 33. dxe6 Bc6 34. exf7+ Kxf7 35. Bxc4+ Kg6 36. Bd5 Bxd5 37. Qxd5 Re2 38. Qg8+ Kh5 39. Qf7+ Kh4 40. Be1+ Rxe1+
41. Rxe1 Qc6+ 42. Kg1 Qb6+ 43. Kf1 Qb5+ 44. Re2 Qc6 45. Kg1 Qc1+ 46. Nf1 Kg4 47. Rg2+ Kxf4 48. Rf2+ Kg4 49. Qxf5+
1-0

[Event "Asian Cup"]
[Site "SchemingMind.com"]
[Date "2010.03.14"]
[Round "-"]
[White "jl1234"]
[Black "MrPerry"]
[Result "0-1"]
[WhiteCountry "POL"]
[BlackCountry "USA"]
[WhiteElo "1801"]
[WhiteRD "71"]
[BlackElo "1873"]
[BlackRD "89"]
[GameID "241966"]

1. d4 d5 2. c4 e5 3. dxe5 d4 4. e4 f6 5. exf6 Nxf6 6. Bd3 Nc6 7. a3 a5 8. Bf4 Bd6 9. Bg5 O-O 10. Nd2 Qe8
11. Ne2 Ne5 12. Bb1 c5 13. Qc2 d3
0-1

[Event "Asian Cup"]
[Site "SchemingMind.com"]
[Date "2010.03.14"]
[Round "-"]
[White "MrPerry"]
[Black "jl1234"]
[Result "1/2-1/2"]
[WhiteCountry "USA"]
[BlackCountry "POL"]
[WhiteElo "1873"]
[WhiteRD "89"]
[BlackElo "1801"]
[BlackRD "71"]
[GameID "241970"]

1. e4 e5 2. Nf3 d6 3. d4 exd4 4. Nxd4 Be7 5. c4 Nf6 6. Nc3 O-O 7. Be2 c6 8. O-O Nbd7 9. f4 Nc5 10. Bf3 Qc7
11. Qc2 Nfd7 12. Be3 Bf6 13. Rad1 Nb6 14. b3 Re8 15. Bf2 a5 16. Rfe1 Bd7 17. Nde2 Rad8 18. e5 Be7 19. Bxc5 dxc5 20. Ne4 Bf5
21. Nf6+ Bxf6 22. Qxf5 Be7 23. Nc3 Rxd1 24. Rxd1=
1/2-1/2

[Event "Asian Cup"]
[Site "SchemingMind.com"]
[Date "2010.05.26"]
[Round "-"]
[White "MrPerry"]
[Black "Quirine"]
[Result "0-1"]
[WhiteCountry "USA"]
[BlackCountry "NED"]
[WhiteElo "1821"]
[WhiteRD "80"]
[BlackElo "1996"]
[BlackRD "82"]
[GameID "249957"]

1. e4 e6 2. Nf3 d5 3. e5 c5 4. b4 cxb4 5. d4 Bd7 6. a3 a6 7. axb4 Bxb4+ 8. c3 Ba5 9. Bd3 Nc6 10. O-O Nge7
11. Ng5 h6 12. Nf3 b5 13. Bd2 Bb6 14. Nh4 Na5 15. Qh5 Nc4 16. Bg5 Rg8 17. Bxe7 Qxe7 18. Nf3 Kd8 19. Nbd2 Kc7 20. Nxc4 bxc4
21. Bc2 a5 22. Ba4 Rgb8 23. Bxd7 Kxd7 24. Rfb1 Bd8 25. Nd2 Qf8 26. Qd1 Rxb1 27. Qxb1 Bc7 28. Qb5+ Kc8 29. Rb1 Ra7 30. Qa4 Qe7
31. Nf3 Qd7 32. Qa3 a4 33. Ne1 Rb7 34. Rxb7 Kxb7 35. Nc2 Bd8 36. Qb4+ Ka6 37. Na3 Ba5 38. Qb2 Qb7 39. Qc2 Qb3 40. Qxb3 cxb3
41. Nb1 Bxc3 42. Kf1 Bb4
0-1

[Event "Asian Cup"]
[Site "SchemingMind.com"]
[Date "2010.05.26"]
[Round "-"]
[White "Quirine"]
[Black "MrPerry"]
[Result "1/2-1/2"]
[WhiteCountry "NED"]
[BlackCountry "USA"]
[WhiteElo "2057"]
[WhiteRD "85"]
[BlackElo "1846"]
[BlackRD "90"]
[GameID "249966"]

1. d4 Nf6 2. Nf3 e6 3. c4 Bb4+ 4. Bd2 Qe7 5. g3 Nc6 6. Bg2 Bxd2+ 7. Qxd2 Ne4 8. Qc2 Qb4+ 9. Kf1 d5 10. c5 Nxd4
11. Nxd4 Qxd4 12. Bxe4 Qxe4 13. Qxe4 dxe4 14. Nc3 f5 15. Rd1 Ke7 16. Nb5 Bd7 17. Nc3 Bc6 18. e3 Rad8 19. Ke2 Rxd1 20. Rxd1 Rd8
21. Rxd8 Kxd8 22. b4 a6 23. Kd2 Ke7 24. a4 b5 25. a5 Kf6 26. Ne2 e5 27. Nc3 Ke6 28. Ke2 g5 29. Kf1 h6 30. Kg2 Bd5
31. Kf1 Bc4+ 32. Ke1 Kf6 33. Nd1 c6 34. Nc3 h5 35. Kd2 Ke6 36. Ke1 Bd3 37. Kd2 Bc4 38. Ke1= Bd5 39. Kd2 Bc4=
1/2-1/2

[Event "Asian Cup"]
[Site "SchemingMind.com"]
[Date "2010.06.04"]
[Round "-"]
[White "lemmie"]
[Black "chesshub"]
[Result "0-1"]
[WhiteCountry "NED"]
[BlackCountry "FRA"]
[WhiteElo "1807"]
[WhiteRD "56"]
[BlackElo "2441"]
[BlackRD "75"]
[GameID "250953"]

1. e4 e5 2. Nf3 Nc6 3. Bc4 Bc5 4. b4 Bxb4 5. c3 Ba5 6. d4 exd4 7. O-O Nge7 8. cxd4 d5 9. exd5 Nxd5 10. Qb3 Be6
11. Bd2 O-O 12. Qxb7 Qd6 13. Bxa5 Nxa5 14. Qa6 Nxc4 15. Qxc4 Ne3 16. Qc1 Nxf1 17. Qxf1 Bd5 18. Nbd2 Rab8 19. a4 c5 20. dxc5 Qxc5
21. Rc1 Qa5 22. Qd3 h6 23. h3 Rfd8 24. Qf5 Qxa4 25. Rc7 Be6 26. Qc2 Qxc2 27. Rxc2 Rdc8 28. Rxc8+ Rxc8 29. Nf1 a5 30. N3d2= a4
31. Nb1 Rc1
0-1

[Event "Asian Cup"]
[Site "SchemingMind.com"]
[Date "2010.06.04"]
[Round "-"]
[White "chesshub"]
[Black "lemmie"]
[Result "1-0"]
[WhiteCountry "FRA"]
[BlackCountry "NED"]
[WhiteElo "2441"]
[WhiteRD "75"]
[BlackElo "1807"]
[BlackRD "56"]
[GameID "250959"]

1. e4 e5 2. Nf3 Nc6 3. Bb5 a6 4. Ba4 b5 5. Bb3 Nf6 6. O-O Bb7 7. d3 Be7 8. Nc3 O-O 9. Bd2 d6 10. Nd5 Nxd5
11. Bxd5 Rb8 12. c3 Na5 13. Bxb7 Nxb7 14. b4 c5 15. Qb3 cxb4 16. cxb4 h6 17. Rfc1 Bf6 18. Qd5 Qd7 19. Rc6 Ra8 20. h3 Rac8
21. Rxa6 Rc7 22. Rc1 Rxc1+ 23. Bxc1 Rc8 24. Be3 Be7 25. Ra7 Rb8 26. Nxe5 Qc7 27. Qxf7+ Kh7 28. Ng6 Qd8 29. Nxe7
1-0

[Event "Asian Cup"]
[Site "SchemingMind.com"]
[Date "2010.08.14"]
[Round "-"]
[White "Phil Cook"]
[Black "chesshub"]
[Result "0-1"]
[WhiteCountry "NZL"]
[BlackCountry "FRA"]
[WhiteElo "2193"]
[WhiteRD "89"]
[BlackElo "2407"]
[BlackRD "77"]
[GameID "257117"]

1. Nf3 d5 2. d4 Nf6 3. c4 e6 4. Nc3 c6 5. e3 Nbd7 6. Bd3 dxc4 7. Bxc4 b5 8. Bd3 Bb7 9. O-O a6 10. e4 c5
11. d5 Qc7 12. dxe6 fxe6 13. e5 Nxe5 14. Nxe5 Qxe5 15. Re1 Qd6 16. Bf5 Qxd1 17. Nxd1 Bd5 18. Bxe6 Bxe6 19. Rxe6+ Kd7 20. Re1 Bd6
21. Ne3 Rhe8 22. Bd2 Be5 23. Rad1 Kc6 24. Bc1 g6 25. h3 Ra7 26. Re2 Bd4 27. Red2 Ne4 28. Rc2 Rd7 29. Re1 c4 30. Ng4 Rde7
31. Be3 Nd6 32. Rd1 Bg7 33. Kf1 Nf5 34. Bf4 Rf7 35. g3 h5 36. Nh2 g5 37. Bxg5 Nxg3+ 38. Kg2 Ne4 39. Be3 Rg8 40. Kh1 Bh6
41. Bxh6 Nxf2+ 42. Rxf2 Rxf2 43. Rd2 Rgg2 44. Nf3 Rxd2 45. Nxd2 Rg3 46. Kh2 h4 47. Nb1 b4 48. Bd2 Kb5 49. Be1 Re3 50. Bd2 Re2+
51. Kg1 a5 52. Kh1 Kc6 53. Kg1 Kc5 54. a3 Kb5 55. axb4 axb4 56. Kf1 Rh2 57. Kg1 Rxh3 58. Kg2 Rb3 59. Bc1 h3+ 60. Kh2 Kc5
61. Nd2 Re3 62. Nxc4 Re2+ 63. Kxh3 Kxc4 64. Kg4 b3 65. Kf3 Kd3 66. Bg5 Rxb2 67. Bf6 Rc2 68. Ba1 b2 69. Bxb2 Rxb2
0-1

[Event "Asian Cup"]
[Site "SchemingMind.com"]
[Date "2010.08.14"]
[Round "-"]
[White "chesshub"]
[Black "Phil Cook"]
[Result "1-0"]
[WhiteCountry "FRA"]
[BlackCountry "NZL"]
[WhiteElo "2466"]
[WhiteRD "71"]
[BlackElo "2166"]
[BlackRD "91"]
[GameID "257122"]

1. e4 e5 2. Nf3 Nf6 3. Nxe5 d6 4. Nf3 Nxe4 5. d4 d5 6. Bd3 Be7 7. O-O O-O 8. c4 Nf6 9. Nc3 Nc6 10. h3 Nb4
11. Be2 dxc4 12. Bxc4 a6 13. Re1 Bf5 14. a3 Nc2 15. Re5 Nxa1 16. Rxf5 Qd7 17. Bd3 c5 18. Be3 g6 19. Rf4 Nh5 20. Ne5 Qd8
21. Rxf7 Rxf7 22. Bc4 cxd4 23. Nxf7 Qf8 24. Nd8+ Kh8 25. Bxd4+ Bf6 26. Nf7+ Kg7 27. Ne4 Qc8 28. Nxf6 Qxc4 29. Nd6 Qe6 30. Nxh5+ Kg8
31. Qf3 Rb8 32. Nf6+
1-0